000 01242nam a2200325 c 4500
003 BLK
005 20210719165203.0
008 180408b bul|||||r ||||||| ||bul||
010 _aKNG00084815000
020 _a978-954-28-0223-5
_bиздат.: Сиела Софт енд Паблишинг
040 _aBLK
041 _aBUL
_cBUL
080 _aБългарска литература
_b821.163.2
_x-31
_z821.163.2-31
100 1 _aСеван, Севда
_eпърви автор
_gБахчеджян, Франсухи Кеворк
_9119320
139 _aСеван, Севда
_bС 30
245 1 0 _aРодосто, Родосто...
_cСевда Севан.
245 1 0 _aНякъде на Балканите
_b
_c
245 1 0 _aДер Зор
_b
_c
250 _a6. изд.
257 _aBGR
260 София
_bСиела Софт енд Паблишинг
_c2008
300 _a443 с.
_c21 см
380 _aX
500 _aСевда Севан - псевд. на Франсухи Кеворк Бахчеджян. - 1. изд. 1996 на изд. Христо Ботев
852 _aЦб 240718
856 4 _qpdf
_u
856 4 _qpdf
_u
942 _cKNG
_n0
_06
944 _aCR
_c13.08.2008
_kГеновева_Генчева
944 _aED
_c21.07.2009
_k
999 _c80330
_d80330